BREEDING poplars for disease resistance

Bibliographic Details
Corporate Author: Food and Agriculture Organization of the United Nations (FAO)
Format: Book
Published: Rome : Food and Agriculture Organization of the United Nations , 1985
Series:FAO forestry paper ; 56
Subjects:

MARC

LEADER 00000cam a2200000 7i4500
001 0000000956
005 20140321.0
020 0 0 |a 9251022143 
090 0 0 |a FAO634.9723   |b BRE 1985 
245 0 0 |a BREEDING poplars for disease resistance 
260 0 0 |a Rome :   |b Food and Agriculture Organization of the United Nations ,   |c 1985 
300 |a vi, 66 p :   |b ill. ;   |c 30 cm. 
440 0 0 |a FAO forestry paper ; 56 
500 0 0 |a Bibliography: [p. 59-66] 
650 0 0 |a Poplar   |x Diseases and pests 
710 1 1 |a Food and Agriculture Organization of the United Nations (FAO) 
998 |a JPSM 
999 |a 0000002140   |b Monograph   |c Food and Agriculture Organization   |e Default branch